00884nam a22002417a 4500999001700000003000900017008004100026040007100067082002000138100002000158245002400178260004300202300002800245440004000273505009500313650003000408650001900438650001600457700003100473942001600504945002100520952010100541 c18782d18782AR-CdUCM190329b ||||| |||| 00| 0 spa d aMUNICIPALIDAD PROVINCIAL DEL CUSCOcBIBLIOTECA MUNICIPAL DEL CUSCO 23eda800 /bD66 aDickens, Carlos aDavid Copperfield / aBuenos Aires :bEditorial Tor,c1968.. a222 páginas ;c23 cm. aBiblioteca las obras famosas925770 aContenido: Primeras observaciones -- Ocurre un desagradale cambio -- Caigo en desgracia... aLiteratura escolar926679 aFicción9184 aSiglo XX98 aLabrousse, Pedro E.939581 2ddccLIBROS adavvd2019-05-15 002ddc4070aSHbSHcCARTd2019-05-15g40.00o800 / D66 / t.1pSH0000013769r2019-05-15yLIBROS